Jagyasani (Record no. 3419)

MARC details
000 -LEADER
fixed length control field 00473cam a2200193ua 4500
008 - FIXED-LENGTH DATA ELEMENTS--GENERAL INFORMATION
fixed length control field 111121n ii |||gr||||Z||||||asm
040 ## - CATALOGING SOURCE
Transcribing agency MAIN
082 ## - DEWEY DECIMAL CLASSIFICATION NUMBER
Classification number 891.4563
100 ## - MAIN ENTRY--PERSONAL NAME
Personal name Rai, Prativa,
Relator term
245 11 - TITLE STATEMENT
Title Jagyasani
Statement of responsibility, etc. by Prativa Rai
250 ## - EDITION STATEMENT
Edition statement 1st.
260 ## - PUBLICATION, DISTRIBUTION, ETC.
Place of publication, distribution, etc. Guwahati:
Name of publisher, distributor, etc. Bani Prakash pvt. ltd.,996.
300 ## - PHYSICAL DESCRIPTION
Extent 369p:
Dimensions 23cm.
700 ## - ADDED ENTRY--PERSONAL NAME
Personal name Kalita, Bijan rani,
Relator term
942 ## - ADDED ENTRY ELEMENTS (KOHA)
Koha item type Books
653 ## - INDEX TERM--UNCONTROLLED
Uncontrolled term Assamese
653 ## - INDEX TERM--UNCONTROLLED
Uncontrolled term Jagyasani
Holdings
Withdrawn status Lost status Damaged status Not for loan Home library Current library Shelving location Date acquired Total Checkouts Full call number Barcode Date last seen Date last checked out Copy number Price effective from Koha item type
        Central Library, Naharkatiya College Central Library, Naharkatiya College General Stacks 19/09/2020 1 891.4563 | RAI 10446 12/06/2025 19/04/2025 1 19/09/2020 Books

Naharkatiya College © 2020. All rights reserved.

Powered By